Statistics for Team Fortress 2 - Every Scout Cosmetics.

Click here to take the quiz!

General Stats

  • This quiz has been taken 27 times
  • The average score is 48 of 175

Answer Stats

Answer% Correct
Batter's Helmet
50%
Bonk Boy
50%
Bonk Helm
50%
Chucklenuts
50%
Airdog
38%
B-ankh!
38%
Beep Boy
38%
Big Elfin Deal
38%
Bombing Run
38%
Bonk Leadwear
38%
Bottle Cap
38%
Caffeine Cooler
38%
California Cap
38%
Cool Cat Cardigan
38%
Electric Twanger
38%
El Jefe
38%
Fast Learner
38%
Fed-Fightin' Fedora
38%
Flak Jack
38%
Flipped Trilby
38%
Front Runner
38%
Fuel Injector
38%
Greased Lightning
38%
Herald's Helm
38%
Squire's Sabatons
38%
Troublemaker's Tossle Cap
38%
Ye Oiled Baker Boy
38%
Ye Olde Baker Boy
38%
Airborne Attire
25%
Alien Cranium
25%
Aloha Apparel
25%
Antarctic Eyewear
25%
Argyle Ace
25%
Athenian Attire
25%
B'aaarrgh-n-Bicorne
25%
B'aaarrgh-n-Britches
25%
Backwards Ballcap
25%
Bacteria Blocker
25%
Ball-Kicking Boots
25%
Baphomet Trotters
25%
Baseball Bill's Sports Shine
25%
Bat Backup
25%
Batter's Beak
25%
Beastly Bonnet
25%
Bigg Mann on Campus
25%
Biomech Backpack
25%
Blizzard Britches
25%
Bolt Boy
25%
Bonk Batter's Backup
25%
Boom Boxers
25%
Bootenkhamuns
25%
Bootie Time
25%
Boston Boom-Bringer
25%
Boston Brain Bucket
25%
Brooklyn Booties
25%
Buck Turner All-Stars
25%
Buttler
25%
Cadet Visor
25%
Catcher's Companion
25%
Champ Stamp
25%
Cheet Sheet
25%
Claws And Infect
25%
Computron 5000
25%
Corpse Carrier
25%
Courtier's Collar
25%
Courtly Cuirass
25%
Crafty Hair
25%
Crazy Legs
25%
Crook Combatant
25%
Cross-Comm Express
25%
Death Racer's Helmet
25%
Delinquent's Down Vest
25%
Digit Divulger
25%
Dillinger's Duffel
25%
Essential Accessories
25%
Face Plante
25%
Fast Food
25%
Faun Feet
25%
Flapjack
25%
Flight of the Monarch
25%
Flip-Flops
25%
Flunkyware
25%
Forest Footwear
25%
Fortunate Son
25%
Fowl Fists
25%
Frenchman's Formals
25%
Frickin' Sweet Ninja Hood
25%
Fried Batter
25%
Futankhamun
25%
Grounded Flyboy
25%
Half-Pipe Hurdler
25%
Halloweiner
25%
Hanger-On Hood
25%
Harlequin's Hooves
25%
Head Hunter
25%
Hephaistos' Handcraft
25%
Hermes
25%
Hero's Tail
25%
Horrific Head of Hare
25%
Hot Heels
25%
Hound's Hood
25%
Jungle Jersey
25%
Juvenile's Jumper
25%
Lightning Lid
25%
Little Drummer Mann
25%
Long Fall Loafers
25%
Lucky No. 42
25%
Macho Mann
25%
Meal Dealer
25%
Messenger's Mail Bag
25%
Milkman
25%
Millennial Mercenary
25%
Mountebank's Masque
25%
Mutton Mann
25%
Nugget Noggin
25%
Olympic Leapers
25%
Orion's Belt
25%
Paisley Pro
25%
Particulate Protector
25%
Pestering Jester
25%
Pest's Pads
25%
Planeswalker Goggles
25%
Pocket Pauling
25%
Pomade Prince
25%
Pompous Privateer
25%
Poolside Polo
25%
Punk's Pomp
25%
Reader's Choice
25%
Red Socks
25%
Remorseless Raptor
25%
Ripped Rider
25%
Robot Running Man
25%
Runner's Warm-Up
25%
Sack Fulla Smissmas
25%
Scout Shako
25%
Seasonal Employee
25%
Sidekick's Side Slick
25%
Sign of the Wolf's School
25%
Snowwing
25%
Soda Specs
25%
Sole Saviors
25%
Southie Shinobi
25%
Speedster's Spandex
25%
Speedy Scoundrel
25%
Spooky Shoes
25%
Spooky Sleeves
25%
Sprinting Cephalopod
25%
Stereoscopic Shades
25%
Superfan
25%
Talon Trotters
25%
Team Player
25%
Terrier Trousers
25%
Teufort Knight
25%
Teufort Tooth Kicker
25%
Thermal Tracker
25%
Thirst Blood
25%
Thrilling Tracksuit
25%
Throttlehead
25%
Ticket Boy
25%
Tomb Wrapper
25%
Tools of the Tourist
25%
Track Terrorizer
25%
Transparent Trousers
25%
Triad Trinket
25%
Trucker's Topper
25%
Void Monk Hair
25%
Voodoo-Cursed Scout Soul
25%
Weight Room Warmer
25%
Whoopee Cap
25%
Wild Whip
25%
Wilson Weave
25%
Wing Mann
25%
Wipe Out Wraps
25%
Wrap Battler
25%
Xeno Suit
25%

Score Distribution

Percentile by Number Answered

Percent of People with Each Score

Your Score History

You have not taken this quiz